000 00626nam a2200217Ia 4500
005 20241129105805.0
008 241129s9999||||xx |||||||||||||| ||und||
020 _a978-81-7824-645-1
037 _aTB
040 _aARTS
_beng
_cARTS
041 _aeng
_2eng
084 _aW:5.2 R1
_qARTS
100 _aJayal Niraja Gopal Au.
_9620997
245 0 _aCitizenship imeperilled: India's fragile democracy
_cJayal Niraja Gopal Au.
260 _aRanikhet, India
_bPermanent black
_c2021
300 _ax,250p.
365 _aINR
_b795
650 _aPolitical Science
942 _cTB
_hW:5.2 R1
999 _c1225949
_d1225949